Manchester United: The Premier League Years - Statistics

General Stats
  • This quiz has been taken 2,878 times
    47 since last reset
  • The average score is 38 of 60
Answer Stats
Answer % Correct
Bruno Fernandes
100%
Alex Ferguson
96%
Michael Carrick
96%
Cristiano Ronaldo
93%
Ruben Amorim
93%
Harry Maguire
91%
Ole Gunnar Solskjær
89%
Ryan Giggs
89%
Roy Keane
87%
Wayne Rooney
87%
Erik ten Hag
85%
José Mourinho
83%
Marcus Rashford
83%
Rio Ferdinand
83%
David de Gea
80%
Luke Shaw
80%
Ruud van Nistelrooy
80%
Éric Cantona
78%
Gary Neville
78%
Benjamin Šeško
76%
Dwight Yorke
76%
Louis van Gaal
76%
Bryan Mbeumo
74%
David Moyes
74%
Nemanja Vidić
74%
Peter Schmeichel
74%
Andy Cole
72%
Paul Pogba
70%
David Beckham
67%
Dimitar Berbatov
67%
Robin van Persie
67%
Zlatan Ibrahimović
65%
Romelu Lukaku
63%
André Onana
61%
Ralf Rangnick
61%
Teddy Sheringham
61%
Anthony Martial
59%
Patrice Évra
59%
Steve Bruce
59%
Antonio Valencia
54%
Mark Hughes
52%
Nani
50%
Amad Diallo
48%
Rasmus Højlund
48%
Ashley Young
46%
Bryan Robson
46%
Gary Pallister
41%
Mason Greenwood
41%
Fabien Barthez
39%
Wes Brown
39%
John O'Shea
37%
Ander Herrera
33%
Daley Blind
30%
Javier Hernández
30%
Paul Ince
30%
Mikaël Silvestre
28%
Andrei Kanchelskis
24%
Brian McClair
22%
Noussair Mazraoui
17%
Gabriel Heinze
15%
No matching quizzes found
Score Distribution
Percent of People with Each Score
Percentile by Number Answered
Your Score History
You have not taken this quiz since the last reset